000 00408nam a22001697a 4500
003 MPLRDC
005 20220104123811.0
008 210129b ||||| |||| 00| 0 eng d
082 _a690 WXYB
100 _a文学月报编辑部编
245 _a武陵风情
_c
250 _a一版一刷
260 _a
_b湖南人民出版社
_c1985
300 _b
650 _a中国游记
942 _cBK
_o690 WXYB
999 _c14303
_d14293